Drain You - Nirvana (All lyrics) - Statistics

General Stats
  • This quiz has been taken 270 times
  • The average score is 156 of 196
Answer Stats
Hint Answer % Correct
I
100%
To
99%
You
99%
A
98%
Baby
96%
Me
96%
Verse 1 One
96%
I'm
95%
Another
94%
Drain
94%
It
94%
My
94%
Meat
92%
Says
92%
Is
90%
Lucky
90%
Met
90%
Have
89%
Now
87%
Duty
86%
About
85%
Completely
85%
Don't
84%
What
84%
And
83%
For
83%
Care
82%
Your
82%
Think
81%
In
80%
Like
80%
Pass
80%
Back
78%
Kiss
77%
Forth
76%
From
75%
Mouth
75%
Chorus Chew
73%
Yours
73%
Unless
71%
Passionate
70%
Travel
65%
End
64%
Tube
64%
Up
64%
Through
63%
Infection
61%
So
57%
Apple
54%
Pupil
54%
The
54%
Verse 2 With
53%
Poison
52%
Student
52%
Healthy
51%
Eyes
50%
I've
49%
Become
48%
Everything
46%
Water
46%
Yellow
46%
Taught
45%
Dilated
36%
Fluids
31%
You're
31%
Out
27%
Grateful
25%
Lips
25%
Vacuum
25%
Sloppy
22%
Vitamins
22%
Without
20%
Indebted
17%
No matching quizzes found
Score Distribution
Percent of People with Each Score
Percentile by Number Answered
Your Score History
You have not taken this quiz